00424nam a2200169Ia 4500003000400000005001700004008004100021020001300062040000700075041000800082082001900090100004100109245003700150260003700187300001600224365001400240OSt20230421113926.0210423s2005 xx 000 0 und d a38725529 cAL aeng a510 223bANDG aANDREWS (George E);BERNDT (Bruce C). aRamanujans lost notebook part 1. aNew DelhibSpringer Verlagc2005 axiv,437bPB b5534cINR